[Event "Hessenliga 0708"]
[Site "Germany"]
[Date "2008.03.02"]
[Round "7.5"]
[White "Schwenkreis, Thomas"]
[Black "Nolting, Arno"]
[Result "1-0"]
[WhiteElo "2058"]
[BlackElo "2209"]
[PlyCount "95"]
[EventDate "2007.09.30"]
[EventType "team"]
[EventRounds "9"]
[EventCountry "GER"]
[SourceTitle "EXT 2009"]
[Source "ChessBase"]
[SourceDate "2008.11.26"]
[SourceVersion "1"]
[SourceVersionDate "2008.11.26"]
[SourceQuality "1"]
[WhiteTeam "Frankfurt BvK II"]
[BlackTeam "Bensheim"]
[WhiteTeamCountry "GER"]
[BlackTeamCountry "GER"]

1. Nf3 Nf6 2. b3 g6 3. Bb2 Bg7 4. e3 0-0 5. Be2 d5 6. d3 c5 7. c4 Nc6 8. cxd5 Nxd5 9. Bxg7 Kxg7 10. 0-0 e5 11. Qc1 b6 12. Nbd2 f5 13. Rd1 Qf6 14. Bf1 Bb7 15. Qb2 Rfe8 16. Nc4 Rad8 17. e4 Nc7 18. a3 f4 19. b4 cxb4 20. axb4 Nb5 21. Na3 Nbd4 22. Nxd4 Nxd4 23. b5 Re7 24. Nc4 Bc8 25. Ra4 f3 26. g3 Be6 27. Rda1 Rdd7 28. R1a2 h5 29. Qb4 h4 30. Rb2 hxg3 31. fxg3 Rf7 32. Kf2 Bxc4 33. dxc4 Ne2 34. Rd2 Nd4 35. Ra3 Qg5 36. Re3 Qh5 37. h3 Qg5 38. Qc3 Rd6 39. Red3 Rdd7 40. Qb4 Rf6 41. c5 bxc5 42. Qxc5 Rfd6 43. Ra2 Ne6 44. Qxd6 Rxd6 45. Rxd6 Qe7 46. Raa6 Nd4 47. Rxg6+ Kf7 48. Bc4+ 1-0

[Event "Hessenliga 0708"]
[Site "Germany"]
[Date "2008.02.10"]
[Round "6.5"]
[White "Nolting, Arno"]
[Black "Heinelt, Manfred"]
[Result "1-0"]
[WhiteElo "2209"]
[BlackElo "2222"]
[PlyCount "55"]
[EventDate "2007.09.30"]
[EventType "team"]
[EventRounds "9"]
[EventCountry "GER"]
[SourceTitle "EXT 2009"]
[Source "ChessBase"]
[SourceDate "2008.11.26"]
[SourceVersion "1"]
[SourceVersionDate "2008.11.26"]
[SourceQuality "1"]
[WhiteTeam "Bensheim"]
[BlackTeam "Baunatal"]
[WhiteTeamCountry "GER"]
[BlackTeamCountry "GER"]

1. e4 c5 2. c3 Nf6 3. e5 Nd5 4. d4 cxd4 5. cxd4 d6 6. Nf3 Nc6 7. Bc4 e6 8. 0-0 Nb6 9. Bb5 Bd7 10. Nc3 Be7 11. exd6 Bxd6 12. d5 exd5 13. Nxd5 Nxd5 14. Qxd5 Be7 15. Rd1 a6 16. Ba4 Qc8 17. Bg5 Be6 18. Qe4 Bxg5 19. Nxg5 h6 20. Nxe6 fxe6 21. Qg6+ Kf8 22. Bxc6 bxc6 23. Rd6 Ke7 24. Qxg7+ Kxd6 25. Rd1+ Kc5 26. Qd4+ Kb5 27. a4+ Ka5 28. Qc5+ 1-0

[Event "Hessenliga 0607"]
[Site "Germany"]
[Date "2007.03.25"]
[Round "9.3"]
[White "Beha, Alfred"]
[Black "Nolting, Arno"]
[Result "1-0"]
[WhiteElo "2213"]
[BlackElo "2213"]
[PlyCount "63"]
[EventDate "2006.09.17"]
[EventType "team"]
[EventRounds "9"]
[EventCountry "GER"]
[SourceTitle "EXT 2008"]
[Source "ChessBase"]
[SourceDate "2007.11.25"]
[SourceVersion "1"]
[SourceVersionDate "2007.11.25"]
[SourceQuality "1"]
[WhiteTeam "Frankfurt BvK II"]
[BlackTeam "Bensheim"]
[WhiteTeamCountry "GER"]
[BlackTeamCountry "GER"]

1. Nf3 Nf6 2. g3 g6 3. d4 Bg7 4. c4 d5 5. Bg2 0-0 6. 0-0 dxc4 7. Na3 c3 8. bxc3 c5 9. e3 Nc6 10. Qe2 Qa5 11. Bb2 Rd8 12. Nd2 Bg4 13. f3 Be6 14. Nb3 Bxb3 15. axb3 Qb6 16. Qb5 Na5 17. Qa4 Nd5 18. Nb5 Nc6 19. Rfe1 a6 20. c4 Nxe3 21. Rxe3 cxd4 22. Rd3 axb5 23. Qxb5 Rxa1+ 24. Bxa1 Qxb5 25. cxb5 Nb4 26. Rd2 e5 27. f4 b6 28. fxe5 Bxe5 29. Kf2 f5 30. Bc3 Nd5 31. Bxd4 Nc3 32. Bxc3 1-0

[Event "Hessenliga 0607"]
[Site "Germany"]
[Date "2006.12.03"]
[Round "5.2"]
[White "Niebling, Ferdinand"]
[Black "Nolting, Arno"]
[Result "1-0"]
[WhiteElo "2201"]
[BlackElo "2213"]
[PlyCount "67"]
[EventDate "2006.09.17"]
[EventType "team"]
[EventRounds "9"]
[EventCountry "GER"]
[SourceTitle "EXT 2008"]
[Source "ChessBase"]
[SourceDate "2007.11.25"]
[SourceVersion "1"]
[SourceVersionDate "2007.11.25"]
[SourceQuality "1"]
[WhiteTeam "Frankfurt West"]
[BlackTeam "Bensheim"]
[WhiteTeamCountry "GER"]
[BlackTeamCountry "GER"]

1. d4 Nf6 2. c4 g6 3. g3 Bg7 4. Bg2 d5 5. cxd5 Nxd5 6. Nf3 0-0 7. 0-0 c5 8. dxc5 Na6 9. Ng5 Ndb4 10. Nc3 Nxc5 11. Be3 Nba6 12. Rc1 h6 13. Nf3 e5 14. b4 Ne6 15. Nd5 b6 16. Qb3 Bb7 17. Rfd1 Bxd5 18. Rxd5 Qe7 19. Nxe5 Nxb4 20. Rd7 Qe8 21. Qxb4 Bxe5 22. Re7 Qd8 23. Rxe6 fxe6 24. Bxa8 Qxa8 25. Bxh6 Rf7 26. Qg4 Rf6 27. Bg5 Rf5 28. e4 Rf7 29. Qxe6 Qxe4 30. Bf4 Qf5 31. Qxe5 Qxe5 32. Bxe5 Re7 33. Rc8+ Kf7 34. Rc7 1-0

[Event "Hessenliga 0607"]
[Site "Germany"]
[Date "2006.11.12"]
[Round "4.4"]
[White "Nolting, Arno"]
[Black "Henrich, Thomas"]
[Result "0-1"]
[WhiteElo "2213"]
[BlackElo "2140"]
[PlyCount "62"]
[EventDate "2006.09.17"]
[EventType "team"]
[EventRounds "9"]
[EventCountry "GER"]
[SourceTitle "EXT 2008"]
[Source "ChessBase"]
[SourceDate "2007.11.25"]
[SourceVersion "1"]
[SourceVersionDate "2007.11.25"]
[SourceQuality "1"]
[WhiteTeam "Bensheim"]
[BlackTeam "Giessen"]
[WhiteTeamCountry "GER"]
[BlackTeamCountry "GER"]

1. e4 e6 2. d4 d5 3. Nd2 Be7 4. Bd3 c5 5. dxc5 Nf6 6. Qe2 Bxc5 7. Ngf3 Nc6 8. 0-0 a6 9. c4 dxc4 10. Nxc4 b5 11. Ne3 Qe7 12. a4 bxa4 13. e5 Nd5 14. Be4 Ncb4 15. Nc4 Bd7 16. Bg5 f6 17. exf6 gxf6 18. Bh6 Rc8 19. Nfd2 Bb5 20. Bf3 Nc2 21. Rac1 Nd4 22. Bh5+ Kd7 23. Qd3 Kc7 24. Ne4 Nf5 25. Qd2 Kb8 26. Bf4+ Ka7 27. Nxc5 Rxc5 28. Nd6 Nxd6 29. Rxc5 Ne4 30. Qc2 Nxc5 31. Be3 Rc8 0-1

[Event "Hessenliga 0304"]
[Site "Germany"]
[Date "2003.12.07"]
[Round "4.7"]
[White "Nolting, Arno"]
[Black "Arncken, Manfred"]
[Result "1-0"]
[WhiteElo "2250"]
[BlackElo "2146"]
[PlyCount "81"]
[EventDate "2003.10.??"]
[EventType "team"]
[EventRounds "9"]
[EventCountry "GER"]
[SourceTitle "EXT 2005"]
[Source "ChessBase"]
[SourceDate "2004.11.15"]
[SourceVersion "1"]
[SourceVersionDate "2004.11.15"]
[SourceQuality "1"]
[WhiteTeam "Bensheim"]
[BlackTeam "Steinbach"]
[WhiteTeamCountry "GER"]
[BlackTeamCountry "GER"]

1. e4 c5 2. c3 b6 3. d4 Bb7 4. Bd3 e6 5. Nf3 Nf6 6. Qe2 d5 7. e5 Nfd7 8. 0-0 Be7 9. Bf4 a6 10. Nbd2 Nc6 11. Rac1 b5 12. Rfd1 c4 13. Bb1 a5 14. Nf1 b4 15. Ng3 g5 16. Be3 h5 17. Ne1 g4 18. f3 h4 19. Nf1 gxf3 20. Qxf3 Qb6 21. Rc2 Rf8 22. Rf2 0-0-0 23. Qh3 Rde8 24. Nf3 Nd8 25. Bg5 Nxe5 26. dxe5 Bc5 27. Nd4 Nc6 28. Qe3 bxc3 29. bxc3 f5 30. Bf4 Rg8 31. Kh1 Rg4 32. h3 Rgg8 33. Nh2 Na7 34. Nhf3 Nb5 35. Rb2 Qa6 36. Rxb5 Qxb5 37. Nxb5 Bxe3 38. Nd6+ Kd7 39. Nxe8 Rxe8 40. Bxe3 Bc6 41. Bc2 1-0

[Event "Porz op 24th"]
[Site "Cologne"]
[Date "1990.??.??"]
[Round "8"]
[White "Palos, Osman"]
[Black "Nolting, Arno"]
[Result "1/2-1/2"]
[WhiteElo "2370"]
[BlackElo "2275"]
[PlyCount "78"]
[EventDate "1990.07.21"]
[EventType "swiss"]
[EventRounds "9"]
[EventCountry "GER"]
[SourceTitle "EXT 1997"]
[Source "ChessBase"]
[SourceDate "1996.11.15"]
[SourceVersion "1"]
[SourceVersionDate "1996.11.15"]
[SourceQuality "1"]

1. e4 Nf6 2. e5 Nd5 3. Nf3 d6 4. d4 Bg4 5. Be2 e6 6. Ng5 Bf5 7. Bh5 g6 8. Bg4 Be7 9. Nh3 Bxg4 10. Qxg4 dxe5 11. dxe5 Nb4 12. 0-0 Qd5 13. c3 Nd3 14. f4 Nc6 15. Qe2 0-0-0 16. Be3 h6 17. Na3 Qe4 18. Rf3 Bc5 19. Nf2 Nxf4 20. Nxe4 Nxe2+ 21. Kf2 Bxe3+ 22. Kxe3 Nxe5 23. Kxe2 Nxf3 24. gxf3 f5 25. Nf2 e5 26. Nc4 Rhe8 27. a4 Kd7 28. Rg1 g5 29. h4 Ke6 30. hxg5 Rg8 31. Rh1 hxg5 32. Rh6+ Kd7 33. Nxe5+ Kc8 34. Nfd3 Rge8 35. f4 gxf4 36. Kf3 Rxd3+ 37. Nxd3 Re3+ 38. Kxf4 Rxd3 39. Kxf5 a5 1/2-1/2

[Event "Porz op 24th"]
[Site "Cologne"]
[Date "1990.??.??"]
[Round "6"]
[White "Voekler, Bernd"]
[Black "Nolting, Arno"]
[Result "0-1"]
[WhiteElo "2340"]
[BlackElo "2275"]
[PlyCount "84"]
[EventDate "1990.07.21"]
[EventType "swiss"]
[EventRounds "9"]
[EventCountry "GER"]
[SourceTitle "EXT 1997"]
[Source "ChessBase"]
[SourceDate "1996.11.15"]
[SourceVersion "1"]
[SourceVersionDate "1996.11.15"]
[SourceQuality "1"]

1. e4 Nf6 2. e5 Nd5 3. d4 d6 4. c4 Nb6 5. exd6 cxd6 6. h3 g6 7. Nf3 Bg7 8. Nc3 Nc6 9. Be2 0-0 10. 0-0 Bf5 11. Be3 d5 12. c5 Nc4 13. Bxc4 dxc4 14. Qa4 Bd3 15. Rfd1 Qa5 16. Qxa5 Nxa5 17. Ne1 Bf5 18. g4 Bd7 19. Rac1 Rfd8 20. d5 h5 21. f3 hxg4 22. hxg4 f5 23. Bg5 Re8 24. gxf5 gxf5 25. Ng2 Rac8 26. Be3 e6 27. d6 Kf7 28. Rb1 Rh8 29. Ne2 Rcg8 30. b4 cxb3 31. axb3 a6 32. Bd2 Nc6 33. Bf4 Bf6 34. b4 e5 35. Bd2 e4 36. fxe4 Nd4 37. Nef4 fxe4 38. Be3 Nf3+ 39. Kf2 Rh2 40. Rh1 Bh4+ 41. Ke2 Rgxg2+ 42. Nxg2 Rxg2+ 0-1